000 01184pam a2200313 a 4500
001 44917
003 BD-RJUL
005 20211209053933.0
008 160721s2007 dcua b 001 0 eng d
020 _a9780821367490
020 _a0821367498
020 _a0821367501 (electronic)
020 _a9780821367506 (electronic)
035 _a(OCoLC)ocm77573776
_aBD-RJUL45035
040 _aDLC
_cDLC
_dYDX
_dBAKER
_dBTCTA
_dYDXCP
_dBD-RJUL
_beng
041 _aeng
082 0 0 _a337.51
_222
_bDAN 2007
245 0 0 _aDancing with giants :
_bChina, India, and the global economy /
_cedited by L. Alan Winters and Shahid Yusuf.
260 _aWashington, DC :
_bWorld Bank :
_bInstitute of Policy Studies,
_cc2007.
300 _axvi, 272 p. :
_bill. ;
_c23 cm.
504 _aIncludes bibliographical references (p. 243-264) and index.
651 0 _aChina
_x Condiciones económicas -- 1980-2004
_9137650
651 0 _aIndia
_xEconomic policy
_y1991-
_9137652
700 1 _aWinters, L. Alan.
_9137653
700 1 _aYusuf, Shahid,
_d1949-
_9137594
856 4 1 _3Table of contents only
_uhttp://www.loc.gov/catdir/toc/ecip077/2006037029.html
942 _2ddc
_cBK
999 _c44917
_d44917